[Event "34. Abierto Collado Villalba 2017"]
[Site "Collado Villalba ESP"]
[Date "2017.08.22"]
[Round "1.1"]
[White "Moreno Ruiz, Javier"]
[Black "Correas Gonzalez, Jose Ramon"]
[Result "1-0"]
[WhiteElo "2460"]
[BlackElo "2018"]
[PlyCount "43"]
[EventDate "2017.08.22"]
[EventType "swiss"]
[EventRounds "9"]
[EventCountry "ESP"]
[SourceTitle "Ajedrez en Madrid"]
[Source "lmi"]
[SourceDate "2017.08.22"]
[SourceVersion "1"]
[SourceVersionDate "2018.03.05"]
[SourceQuality "1"]

1. d4 Nf6 2. c4 g6 3. Nc3 Bg7 4. e4 d6 5. Be2 O-O 6. Nf3 e5 7. O-O Nc6 8. Be3
Ng4 9. Bg5 f6 10. Bh4 h5 11. dxe5 Ncxe5 12. h3 Nxf3+ 13. Bxf3 Ne5 14. Be2 Be6
15. f4 Nd7 16. f5 gxf5 17. exf5 Bf7 18. Bxh5 Qe8 19. Bxf7+ Rxf7 20. Qd5 Ne5 21.
Rae1 Rd8 22. Ne4 1-0

[Event "34. Abierto Collado Villalba 2017"]
[Site "Collado Villalba ESP"]
[Date "2017.08.22"]
[Round "1.2"]
[White "Garcia Galeote, Lorenzo"]
[Black "Valles Moreno, Ivan"]
[Result "0-1"]
[WhiteElo "1985"]
[BlackElo "2435"]
[PlyCount "90"]
[EventDate "2017.08.22"]
[EventType "swiss"]
[EventRounds "9"]
[EventCountry "ESP"]
[SourceTitle "Ajedrez en Madrid"]
[Source "lmi"]
[SourceDate "2017.08.22"]
[SourceVersion "1"]
[SourceVersionDate "2018.03.05"]
[SourceQuality "1"]

1. d4 Nf6 2. c4 c5 3. e3 e6 4. Nc3 a6 5. Nf3 d5 6. dxc5 Bxc5 7. a3 Ba7 8. cxd5
exd5 9. Nd4 O-O 10. Be2 Re8 11. O-O Nc6 12. Nxc6 bxc6 13. Bf3 Qd6 14. g3 Bf5
15. Re1 Rad8 16. Ne2 c5 17. Bd2 Ne4 18. Ba5 Bb6 19. Bxb6 Qxb6 20. b4 c4 21. Qd4
Qh6 22. Nf4 Ng5 23. Bg2 Be4 24. Qd1 Bxg2 25. Kxg2 Qc6 26. Qd4 Re4 27. Qc5 Qd7
28. h4 Rxf4 29. hxg5 Rg4 30. Rad1 Rxg5 31. Rd4 Rc8 32. Qa5 Rh5 33. Rh1 Rxh1 34.
Kxh1 c3 35. Rd1 c2 36. Rc1 Qc6 37. Kg1 h5 38. b5 axb5 39. Qb4 Qc4 40. Qd2 Qe4
41. Qe2 d4 42. Qxb5 dxe3 43. Qe2 Rc3 44. fxe3 Rxe3 45. Qg2 Re1+ 0-1

[Event "34. Abierto Collado Villalba 2017"]
[Site "Collado Villalba ESP"]
[Date "2017.08.22"]
[Round "1.3"]
[White "Martin Duque, Jesus"]
[Black "Mkrtchyan, Levon"]
[Result "1/2-1/2"]
[WhiteElo "2386"]
[BlackElo "1964"]
[PlyCount "129"]
[EventDate "2017.08.22"]
[EventType "swiss"]
[EventRounds "9"]
[EventCountry "ESP"]
[SourceTitle "Ajedrez en Madrid"]
[Source "lmi"]
[SourceDate "2017.08.22"]
[SourceVersion "1"]
[SourceVersionDate "2018.03.05"]
[SourceQuality "1"]

1. e4 e6 2. d4 d5 3. e5 c5 4. c3 Nc6 5. Nf3 Nh6 6. Bd3 cxd4 7. cxd4 Nf5 8. Be3
Nxe3 9. fxe3 Be7 10. Nc3 O-O 11. O-O a6 12. Rc1 Bd7 13. Bb1 f6 14. exf6 Bxf6
15. Qd3 g6 16. g3 Be8 17. Rf2 Qd6 18. Rcf1 Bg7 19. a3 Rd8 20. Kg2 Kh8 21. Ba2
Na7 22. Qd2 Nb5 23. Ne2 Bc6 24. Ng5 Rxf2+ 25. Rxf2 Be8 26. Nf4 Nc7 27. Nf3 Bc6
28. Nd3 Rf8 29. Nfe5 Kg8 30. Rxf8+ Qxf8 31. Nxc6 bxc6 32. Qa5 Qd6 33. Qb6 e5
34. dxe5 Bxe5 35. e4 Kg7 36. Qe3 dxe4 37. Qxe4 Bf6 38. Bc4 a5 39. a4 Nd5 40.
Bxd5 cxd5 41. Qe8 Qc7 42. Qe2 Qc4 43. Qd1 Qe4+ 44. Kh3 h5 45. Nf4 Qf5+ 46. Kg2
Qe4+ 47. Qf3 Bxb2 48. Nxd5 Qxa4 49. Qe2 Qd4 50. Qe7+ Kh6 51. Qf8+ Kh7 52. Qe7+
Qg7 53. Qe4 Qe5 54. Qc4 a4 55. Nf4 a3 56. h4 Qg7 57. Kh2 Qb7 58. Qe6 Qg7 59.
Qa6 Qf7 60. Ne6 Qf2+ 61. Kh3 Qf5+ 62. Kh2 Qf2+ 63. Kh3 Qf5+ 64. Kh2 Qf2+ 65.
Kh3 1/2-1/2

[Event "34. Abierto Collado Villalba 2017"]
[Site "Collado Villalba ESP"]
[Date "2017.08.22"]
[Round "1.4"]
[White "Erice Alonso, Santiago"]
[Black "Elissalt Cardenas, Hector"]
[Result "1-0"]
[WhiteElo "1963"]
[BlackElo "2360"]
[PlyCount "69"]
[EventDate "2017.08.22"]
[EventType "swiss"]
[EventRounds "9"]
[EventCountry "ESP"]
[SourceTitle "Ajedrez en Madrid"]
[Source "lmi"]
[SourceDate "2017.08.22"]
[SourceVersion "1"]
[SourceVersionDate "2018.03.05"]
[SourceQuality "1"]

1. e4 d6 2. c4 c5 3. Nc3 Nc6 4. g3 g6 5. Bg2 h5 6. h3 h4 7. g4 Bh6 8. Nge2 e5
9. O-O Nge7 10. d3 g5 11. Nd5 Ng6 12. Bd2 Bg7 13. b4 Nf4 14. Nexf4 exf4 15.
bxc5 dxc5 16. Bc3 Bxc3 17. Nxc3 O-O 18. Nd5 Qd6 19. Rb1 Qe5 20. Qd2 b6 21. Bf3
Rb8 22. Kg2 Bd7 23. Rb2 Rfd8 24. Rfb1 Be8 25. Bd1 Qd4 26. Ba4 Kf8 27. Bxc6 Bxc6
28. Rb3 b5 29. cxb5 Bxd5 30. exd5 Qxd5+ 31. Kg1 c4 32. Qb4+ Kg8 33. dxc4 Qe4
34. Re1 Qc2 35. Qe7 1-0

[Event "34. Abierto Collado Villalba 2017"]
[Site "Collado Villalba ESP"]
[Date "2017.08.22"]
[Round "1.5"]
[White "Hernando Pertierra, Jose Carlos"]
[Black "Rojas Pozo, Jose Luis"]
[Result "1-0"]
[WhiteElo "2348"]
[BlackElo "1957"]
[PlyCount "117"]
[EventDate "2017.08.22"]
[EventType "swiss"]
[EventRounds "9"]
[EventCountry "ESP"]
[SourceTitle "Ajedrez en Madrid"]
[Source "lmi"]
[SourceDate "2017.08.22"]
[SourceVersion "1"]
[SourceVersionDate "2018.03.05"]
[SourceQuality "1"]

1. b3 d5 2. Bb2 Nf6 3. e3 Bf5 4. Nf3 h6 5. c4 c6 6. d4 e6 7. Bd3 Bb4+ 8. Ke2
Bxd3+ 9. Qxd3 Ne4 10. Nc3 Nxc3+ 11. Bxc3 Bxc3 12. Qxc3 Nd7 13. a4 Qe7 14. a5 a6
15. Ra4 Nf6 16. Qb4 Ne4 17. Qxe7+ Kxe7 18. Rc1 Nd6 19. Ne5 Rhc8 20. Nd3 Rc7 21.
f3 Rac8 22. Ra2 f6 23. Rac2 Kd8 24. g4 Ke7 25. Kf2 Kf7 26. h4 Ke7 27. Nf4 Kd7
28. h5 Nf7 29. Nd3 Nd6 30. Nc5+ Ke7 31. Na4 Rd8 32. Re1 Nf7 33. Nc3 Rcd7 34. f4
Kf8 35. Na4 Nd6 36. Nc5 Re7 37. Kf3 Kf7 38. Rg1 Rf8 39. e4 Nxe4 40. Nxe4 dxe4+
41. Kxe4 Rd8 42. Rd2 c5 43. Rgd1 Rxd4+ 44. Rxd4 cxd4 45. Rxd4 Rc7 46. Rd6 Ke7
47. Rb6 Kd7 48. Kd4 Ke7 49. c5 Rd7+ 50. Ke4 Rc7 51. b4 Kd7 52. f5 e5 53. g5
hxg5 54. h6 gxh6 55. Rxf6 Rc6 56. Rxc6 Kxc6 57. f6 Kd7 58. b5 axb5 59. c6+ 1-0

[Event "34. Abierto Collado Villalba 2017"]
[Site "Collado Villalba ESP"]
[Date "2017.08.22"]
[Round "1.6"]
[White "Andrade Sandoval, Jim Carlos"]
[Black "Aranda Marin, Cristian"]
[Result "0-1"]
[WhiteElo "1947"]
[BlackElo "2263"]
[PlyCount "101"]
[EventDate "2017.08.22"]
[EventType "swiss"]
[EventRounds "9"]
[EventCountry "ESP"]
[SourceTitle "Ajedrez en Madrid"]
[Source "lmi"]
[SourceDate "2017.08.22"]
[SourceVersion "1"]
[SourceVersionDate "2018.03.05"]
[SourceQuality "1"]

1. c3 f5 2. Nf3 Nf6 3. d4 b6 4. Bf4 Bb7 5. e3 g6 6. Nbd2 Bg7 7. Qb3 e6 8. c4
O-O 9. Rc1 h6 10. c5 Bd5 11. Qa3 Nc6 12. Ne5 Nxe5 13. Bxe5 bxc5 14. dxc5 a5 15.
Bc4 Bc6 16. O-O Qb8 17. Rfd1 Ra7 18. Nb3 Qa8 19. Bf1 Bd5 20. c6 Bxc6 21. Bd4 a4
22. Bxa7 axb3 23. axb3 Qb7 24. Bd4 Rb8 25. Qa6 Kf7 26. Qxb7 Rxb7 27. Bc4 Bf8
28. f3 Bd6 29. Re1 Ke7 30. Rcd1 Rb8 31. Bc3 Bc5 32. Be5 d6 33. Bg3 e5 34. Rc1
e4 35. f4 Ng4 36. Bf2 g5 37. g3 Ra8 38. h3 Nf6 39. Red1 Rb8 40. Kf1 Be8 41. Ke2
Bh5+ 42. g4 fxg4 43. Kf1 gxh3 44. fxg5 hxg5 45. Rd2 Bf3 46. Bg1 g4 47. Kf2 Nh5
48. Bh2 Rf8 49. Rd5 g3+ 50. Bxg3 Bg4+ 51. Bf4 0-1

[Event "34. Abierto Collado Villalba 2017"]
[Site "Collado Villalba ESP"]
[Date "2017.08.22"]
[Round "1.7"]
[White "Longa Yauca, Javier"]
[Black "Zhou, Lulu"]
[Result "1-0"]
[WhiteElo "2261"]
[BlackElo "1928"]
[PlyCount "83"]
[EventDate "2017.08.22"]
[EventType "swiss"]
[EventRounds "9"]
[EventCountry "ESP"]
[SourceTitle "Ajedrez en Madrid"]
[Source "lmi"]
[SourceDate "2017.08.22"]
[SourceVersion "1"]
[SourceVersionDate "2018.03.05"]
[SourceQuality "1"]

1. d4 d5 2. Nf3 Nf6 3. c4 c6 4. Nc3 e6 5. Bg5 Be7 6. e3 Nbd7 7. Qc2 h6 8. Bh4
Nh5 9. Bxe7 Qxe7 10. g4 Nhf6 11. Rg1 b6 12. Ne5 Nxe5 13. dxe5 Nd7 14. f4 Qh4+
15. Qf2 Qxf2+ 16. Kxf2 Ke7 17. Bg2 f6 18. exf6+ Nxf6 19. Bf3 Bd7 20. h4 Rae8
21. g5 hxg5 22. hxg5 Nh5 23. Rh1 g6 24. Rag1 Ref8 25. Rh4 Be8 26. Rgh1 Rhg8 27.
Rd1 Rh8 28. Ne2 Ng7 29. Rdh1 Rxh4 30. Rxh4 Nf5 31. Rh7+ Rf7 32. Rh2 Kd6 33. Rh8
Bd7 34. e4 Ne7 35. e5+ Kc7 36. b3 Nf5 37. Bg4 Rg7 38. Rf8 Rh7 39. Bxf5 gxf5 40.
cxd5 Rh2+ 41. Kf3 cxd5 42. g6 1-0

[Event "34. Abierto Collado Villalba 2017"]
[Site "Collado Villalba ESP"]
[Date "2017.08.22"]
[Round "1.8"]
[White "Cardena Contreras, Javier"]
[Black "Cao Armillas, Jesus"]
[Result "0-1"]
[WhiteElo "1925"]
[BlackElo "2204"]
[PlyCount "74"]
[EventDate "2017.08.22"]
[EventType "swiss"]
[EventRounds "9"]
[EventCountry "ESP"]
[SourceTitle "Ajedrez en Madrid"]
[Source "lmi"]
[SourceDate "2017.08.22"]
[SourceVersion "1"]
[SourceVersionDate "2018.03.05"]
[SourceQuality "1"]

1. e4 c5 2. Nf3 d6 3. d4 cxd4 4. Nxd4 Nf6 5. Nc3 a6 6. Bg5 e6 7. f4 Be7 8. Qf3
h6 9. Bh4 Qc7 10. O-O-O Nbd7 11. g4 g5 12. fxg5 Ne5 13. Qg3 Nfxg4 14. gxh6 Bxh4
15. Qxh4 Rxh6 16. Qg3 Qe7 17. h3 Bd7 18. Be2 Nf6 19. Qe3 Rh7 20. Nf3 Bc6 21.
Nxe5 dxe5 22. Qg5 Nd7 23. Qg8+ Nf8 24. Bg4 Qh4 25. Bxe6 Qh6+ 26. Kb1 Qxe6 27.
Nd5 Bxd5 28. Rxd5 f6 29. Qg3 Rd8 30. Qd3 Rhd7 31. Rd1 Ng6 32. Qb3 Nf4 33. Rxd7
Rxd7 34. c4 Rxd1+ 35. Qxd1 Qxh3 36. Qa4+ Qd7 37. Qb3 Qd3+ 0-1

[Event "34. Abierto Collado Villalba 2017"]
[Site "Collado Villalba ESP"]
[Date "2017.08.22"]
[Round "1.9"]
[White "Semprun Martinez, Fernando"]
[Black "Vaquerizo Calvo, Miguel Arturo"]
[Result "0-1"]
[WhiteElo "2193"]
[BlackElo "1910"]
[PlyCount "91"]
[EventDate "2017.08.22"]
[EventType "swiss"]
[EventRounds "9"]
[EventCountry "ESP"]
[SourceTitle "Ajedrez en Madrid"]
[Source "lmi"]
[SourceDate "2017.08.22"]
[SourceVersion "1"]
[SourceVersionDate "2018.03.05"]
[SourceQuality "1"]

1. e4 c5 2. Nf3 d6 3. d4 cxd4 4. Nxd4 Nf6 5. Nc3 g6 6. Be3 Bg7 7. f3 O-O 8. Qd2
Nc6 9. Bc4 Bd7 10. O-O-O Rc8 11. Bb3 Ne5 12. Kb1 Nc4 13. Bxc4 Rxc4 14. g4 b5
15. h4 b4 16. Nce2 e5 17. Nb3 Qc7 18. Qxd6 Rxc2 19. Qxc7 Rxc7 20. Bc5 Bb5 21.
Bxf8 Bxe2 22. Bxb4 Nd7 23. Nd2 Bf8 24. Bxf8 Nxf8 25. Rhe1 Bxd1 26. Rxd1 Ne6 27.
Nf1 Nd4 28. f4 Nf3 29. f5 Kg7 30. Ne3 Nxh4 31. Rh1 Nf3 32. f6+ Kf8 33. Rd1 Ke8
34. b3 Rc6 35. Nd5 Ng5 36. Re1 Kd7 37. Kb2 Ke6 38. Nc3 Kxf6 39. b4 Ke6 40. b5
Rc4 41. Kb3 Rd4 42. a4 Kd7 43. Rf1 Kc7 44. Rf6 Nxe4 45. Nxe4 Rxe4 46. a5 0-1

[Event "34. Abierto Collado Villalba 2017"]
[Site "Collado Villalba ESP"]
[Date "2017.08.22"]
[Round "1.10"]
[White "Lopez Heras, Arturo"]
[Black "Pastor Alonso de Prado, Emilio Alberto"]
[Result "1/2-1/2"]
[WhiteElo "1890"]
[BlackElo "2176"]
[PlyCount "78"]
[EventDate "2017.08.22"]
[EventType "swiss"]
[EventRounds "9"]
[EventCountry "ESP"]
[SourceTitle "Ajedrez en Madrid"]
[Source "lmi"]
[SourceDate "2017.08.22"]
[SourceVersion "1"]
[SourceVersionDate "2018.03.05"]
[SourceQuality "1"]

1. d4 b6 2. Nf3 Bb7 3. g3 e6 4. Bg2 Nf6 5. O-O c5 6. c4 Be7 7. Nc3 cxd4 8. Nxd4
Bxg2 9. Kxg2 Qc7 10. Qd3 a6 11. Bg5 Nc6 12. Rad1 Ne5 13. Qc2 Qxc4 14. Bxf6 Bxf6
15. b3 Qc7 16. Rc1 O-O 17. Ne4 Qb7 18. f3 Be7 19. Qc7 Qxc7 20. Rxc7 f5 21. Nf2
Bc5 22. f4 Bxd4 23. fxe5 Bxe5 24. Rxd7 Rfd8 25. Rfd1 Bf6 26. R7d6 Kf7 27. Rxb6
Rxd1 28. Nxd1 a5 29. Ne3 Bd4 30. Rb7+ Kf6 31. Nc4 a4 32. Nb6 axb3 33. axb3 Ra2
34. Kf3 Kg6 35. e3 Bf6 36. h4 Rc2 37. Nd7 e5 38. Nxf6 gxf6 39. g4 fxg4+ 1/2-1/2

[Event "34. Abierto Collado Villalba 2017"]
[Site "Collado Villalba ESP"]
[Date "2017.08.22"]
[Round "1.11"]
[White "Lacrosse, Marc"]
[Black "Serrano Martinez, Francisco Jo"]
[Result "0-1"]
[WhiteElo "2173"]
[BlackElo "1881"]
[PlyCount "76"]
[EventDate "2017.08.22"]
[EventType "swiss"]
[EventRounds "9"]
[EventCountry "ESP"]
[SourceTitle "Ajedrez en Madrid"]
[Source "lmi"]
[SourceDate "2017.08.22"]
[SourceVersion "1"]
[SourceVersionDate "2018.03.05"]
[SourceQuality "1"]

1. d4 Nf6 2. c4 e5 3. dxe5 Ng4 4. Bf4 g5 5. Bg3 Bg7 6. Nf3 Nc6 7. e3 Ngxe5 8.
Nxe5 Nxe5 9. Be2 d6 10. Nc3 Be6 11. Rc1 Qd7 12. b3 O-O-O 13. O-O h5 14. f4 Ng4
15. Qd2 h4 16. Be1 Rde8 17. h3 gxf4 18. hxg4 h3 19. Rxf4 hxg2 20. Kxg2 Be5 21.
Bg3 f5 22. Rg1 fxg4 23. Nb5 Rh3 24. Kf2 Qh7 25. Bd3 Rh2+ 26. Ke1 Rxd2 27. Bxh7
Rxa2 28. Rf2 Ra1+ 29. Kd2 Rxg1 30. Bxe5 dxe5 31. Nxa7+ Kd7 32. Nb5 g3 33. Rf6
Rh8 34. Be4 c6 35. Nc3 Rg8 36. Ne2 Ra1 37. Bg2 Ke7 38. Rh6 Bg4 0-1

[Event "34. Abierto Collado Villalba 2017"]
[Site "Collado Villalba ESP"]
[Date "2017.08.22"]
[Round "1.12"]
[White "Andrade Sandoval, Bianca"]
[Black "Garrido Olivares, Ricard"]
[Result "0-1"]
[WhiteElo "1880"]
[BlackElo "2167"]
[PlyCount "72"]
[EventDate "2017.08.22"]
[EventType "swiss"]
[EventRounds "9"]
[EventCountry "ESP"]
[SourceTitle "Ajedrez en Madrid"]
[Source "lmi"]
[SourceDate "2017.08.22"]
[SourceVersion "1"]
[SourceVersionDate "2018.03.05"]
[SourceQuality "1"]

1. d4 d5 2. Nf3 Nf6 3. e3 c5 4. c4 e6 5. Nc3 a6 6. a4 Nc6 7. Be2 dxc4 8. Bxc4
cxd4 9. exd4 Be7 10. Bf4 Nb4 11. Qb3 O-O 12. Rd1 Nfd5 13. Bg3 Qa5 14. O-O Rd8
15. Rfe1 Bf8 16. Bf1 Bd7 17. Ne5 Nxc3 18. bxc3 Qxa4 19. Qxa4 Bxa4 20. cxb4 Bxb4
21. Nf3 Bxd1 22. Rxd1 Bd6 23. Bxd6 Rxd6 24. Rb1 b5 25. Ra1 b4 26. Ne5 b3 27.
Rb1 Rb8 28. Nc4 Rd5 29. Nd2 b2 30. Nc4 Rdb5 31. f3 a5 32. Nd2 Rb4 33. Bc4 a4
34. Kf2 a3 35. Ba2 Rxd4 36. Nc4 Rc8 0-1

[Event "34. Abierto Collado Villalba 2017"]
[Site "Collado Villalba ESP"]
[Date "2017.08.22"]
[Round "1.13"]
[White "Veganzones Rojo, David"]
[Black "Fernandez Garcia, Ignacio"]
[Result "0-1"]
[WhiteElo "2149"]
[BlackElo "1876"]
[PlyCount "154"]
[EventDate "2017.08.22"]
[EventType "swiss"]
[EventRounds "9"]
[EventCountry "ESP"]
[SourceTitle "Ajedrez en Madrid"]
[Source "lmi"]
[SourceDate "2017.08.22"]
[SourceVersion "1"]
[SourceVersionDate "2018.03.05"]
[SourceQuality "1"]

1. e4 e5 2. Nf3 Nc6 3. Bc4 Be7 4. O-O Nf6 5. d3 O-O 6. Re1 d6 7. a4 Bg4 8. c3
d5 9. exd5 Nxd5 10. h3 Bxf3 11. Qxf3 Nb6 12. Bb3 Bg5 13. Bxg5 Qxg5 14. a5 e4
15. dxe4 Nxa5 16. Bd5 Nc6 17. Na3 Ne5 18. Qe3 Qxe3 19. Rxe3 c6 20. Bb3 Rad8 21.
Re2 Rd7 22. Nc2 a6 23. Ne3 Rfd8 24. f4 Nd3 25. g3 Nc5 26. Bc2 Rd2 27. Kf1 R2d7
28. b4 Ne6 29. Kf2 Nc7 30. c4 Ne6 31. c5 Na8 32. Rd1 Rxd1 33. Bxd1 a5 34. Bb3
Nac7 35. f5 Ng5 36. Nc4 Rd4 37. h4 Nxe4+ 38. Ke3 Nxg3 39. Kxd4 Nxe2+ 40. Ke5
axb4 41. Nd6 Nd5 42. Bxd5 cxd5 43. Nxb7 Nc3 44. Nd6 b3 45. c6 Na4 46. c7 Nb6
47. Nb5 Kf8 48. Nc3 Ke8 49. Nxd5 Nc8 50. f6 g6 51. Kf4 b2 52. Nc3 h6 53. Ke3
Kd7 54. Kd3 Kxc7 55. Kc2 Kd6 56. Kxb2 Ke5 57. Kc2 Nd6 58. Kd3 Kxf6 59. Ke3 Nf5+
60. Kf4 Nxh4 61. Nd5+ Kg7 62. Ne3 f5 63. Kg3 g5 64. Nd5 h5 65. Kh3 Ng6 66. Kg3
h4+ 67. Kh3 g4+ 68. Kh2 f4 69. Kg2 Kf7 70. Nc3 Ke6 71. Ne4 f3+ 72. Kf2 Kf5 73.
Nd6+ Kf4 74. Nf7 g3+ 75. Kg1 h3 76. Nd8 f2+ 77. Kf1 Ke3 0-1

[Event "34. Abierto Collado Villalba 2017"]
[Site "Collado Villalba ESP"]
[Date "2017.08.22"]
[Round "1.14"]
[White "Rodriguez De Robles, Ignacio"]
[Black "Arauz Alonso, Fernando"]
[Result "1/2-1/2"]
[WhiteElo "1858"]
[BlackElo "2140"]
[PlyCount "52"]
[EventDate "2017.08.22"]
[EventType "swiss"]
[EventRounds "9"]
[EventCountry "ESP"]
[SourceTitle "Ajedrez en Madrid"]
[Source "lmi"]
[SourceDate "2017.08.22"]
[SourceVersion "1"]
[SourceVersionDate "2018.03.05"]
[SourceQuality "1"]

1. e4 c6 2. Nf3 d5 3. exd5 cxd5 4. Bb5+ Bd7 5. Qe2 a6 6. Bxd7+ Nxd7 7. O-O e6
8. Nc3 Ngf6 9. Re1 Bd6 10. Ng5 Qe7 11. d4 O-O 12. Qf3 h6 13. Nh3 Rac8 14. Nf4
Nb6 15. Nh5 Nxh5 16. Qxh5 Qf6 17. g4 Bf4 18. Bxf4 Qxf4 19. Ne2 Qf3 20. c3 Nc4
21. Ng3 Nxb2 22. Re3 Qf6 23. h4 g6 24. Qxh6 Nc4 25. Nh5 Qh8 26. Qg5 Nxe3
1/2-1/2

[Event "34. Abierto Collado Villalba 2017"]
[Site "Collado Villalba ESP"]
[Date "2017.08.22"]
[Round "1.15"]
[White "Perez Ordoñez, Jose Ramon"]
[Black "Perez Vazquez, Manuel"]
[Result "1/2-1/2"]
[WhiteElo "2120"]
[BlackElo "1856"]
[PlyCount "53"]
[EventDate "2017.08.22"]
[EventType "swiss"]
[EventRounds "9"]
[EventCountry "ESP"]
[SourceTitle "Ajedrez en Madrid"]
[Source "lmi"]
[SourceDate "2017.08.22"]
[SourceVersion "1"]
[SourceVersionDate "2018.03.05"]
[SourceQuality "1"]

1. Nf3 f5 2. d3 d6 3. e4 e5 4. Nc3 Nc6 5. h3 Be7 6. exf5 Bxf5 7. g4 Bg6 8. Bg2
Nf6 9. Nh4 O-O 10. Nxg6 hxg6 11. Be3 Rb8 12. g5 Nh5 13. Bd5+ Kh8 14. h4 Nd4 15.
Bxd4 exd4 16. Ne2 c6 17. Bg2 Qa5+ 18. Kf1 Qf5 19. Qe1 d5 20. Nxd4 Qf7 21. Rh3
Rbe8 22. Rf3 Nf4 23. Qd2 Bd6 24. Re1 Rxe1+ 25. Qxe1 Re8 26. Re3 Rf8 27. Rf3
1/2-1/2

[Event "34. Abierto Collado Villalba 2017"]
[Site "Collado Villalba ESP"]
[Date "2017.08.22"]
[Round "1.16"]
[White "Elguezabal Selioutin, Dario"]
[Black "Angelina Vela, Carlos"]
[Result "0-1"]
[WhiteElo "1844"]
[BlackElo "2098"]
[PlyCount "62"]
[EventDate "2017.08.22"]
[EventType "swiss"]
[EventRounds "9"]
[EventCountry "ESP"]
[SourceTitle "Ajedrez en Madrid"]
[Source "lmi"]
[SourceDate "2017.08.22"]
[SourceVersion "1"]
[SourceVersionDate "2018.03.05"]
[SourceQuality "1"]

1. d4 Nf6 2. Nf3 e6 3. c4 Bb4+ 4. Nbd2 b6 5. e3 Bb7 6. Bd3 O-O 7. O-O Bxd2 8.
Nxd2 c5 9. b3 Nc6 10. Bb2 cxd4 11. exd4 d5 12. Nf3 Rc8 13. Rc1 Qe7 14. Qe2 Rfd8
15. Rfd1 h6 16. Ne5 Nxe5 17. dxe5 Nd7 18. cxd5 Bxd5 19. Ba6 Rxc1 20. Bxc1 Nc5
21. Bd3 Nxd3 22. Rxd3 Rc8 23. Bf4 Qb4 24. Qe3 Rc2 25. h3 Rxa2 26. Bxh6 Qh4 27.
Bg5 Qh5 28. Qc1 Qe2 29. Qc8+ Kh7 30. Rg3 Qxf2+ 31. Kh2 Qxg2+ 0-1

[Event "34. Abierto Collado Villalba 2017"]
[Site "Collado Villalba ESP"]
[Date "2017.08.22"]
[Round "1.17"]
[White "Robles Diaz, Jose Alberto"]
[Black "Fernandez Aransay, Fernando"]
[Result "1-0"]
[WhiteElo "2088"]
[BlackElo "1844"]
[PlyCount "117"]
[EventDate "2017.08.22"]
[EventType "swiss"]
[EventRounds "9"]
[EventCountry "ESP"]
[SourceTitle "Ajedrez en Madrid"]
[Source "lmi"]
[SourceDate "2017.08.22"]
[SourceVersion "1"]
[SourceVersionDate "2018.03.05"]
[SourceQuality "1"]

1. Nf3 d5 2. d4 Nf6 3. c4 e6 4. g3 Be7 5. Bg2 O-O 6. O-O b6 7. Nc3 Bb7 8. Ne5
Nbd7 9. Bf4 c5 10. Rc1 cxd4 11. Qxd4 Bc5 12. Qd1 Nxe5 13. Bxe5 Qe7 14. Bxf6
Qxf6 15. cxd5 exd5 16. Bxd5 Bxd5 17. Qxd5 Rad8 18. Qb7 Qe6 19. Qe4 Qh6 20. Rcd1
Rd2 21. Rxd2 Qxd2 22. Qb1 Re8 23. Rd1 Qh6 24. Qf5 g6 25. Qf3 Qh3 26. Nd5 Rc8
27. Qf6 Qd7 28. Qxg6+ hxg6 29. Nf6+ Kg7 30. Nxd7 Be7 31. Rd2 Rd8 32. Rd3 f6 33.
a4 Kf7 34. a5 bxa5 35. Nc5 Rc8 36. Na4 Rc4 37. b3 Rc2 38. e3 Ke6 39. Kg2 Bb4
40. Rd1 Ke5 41. Kf3 f5 42. h4 Ra2 43. Rc1 Ra3 44. Nc5 Kd5 45. Nd3 Rxb3 46. Nf4+
Kd6 47. Nxg6 Bc3 48. h5 a4 49. Nf4 a3 50. Ne2 Bg7 51. Rd1+ Ke7 52. Nd4 Rb2 53.
Nxf5+ Kf6 54. Nxg7 Kxg7 55. Rd7+ Kh6 56. Rxa7 a2 57. g4 Kg5 58. Ra5+ Kh6 59.
Kg3 1-0

[Event "34. Abierto Collado Villalba 2017"]
[Site "Collado Villalba ESP"]
[Date "2017.08.22"]
[Round "1.18"]
[White "Perez Pascual, Arturo"]
[Black "Rodrigo Yanguas, Maria"]
[Result "1/2-1/2"]
[WhiteElo "1832"]
[BlackElo "2076"]
[PlyCount "55"]
[EventDate "2017.08.22"]
[EventType "swiss"]
[EventRounds "9"]
[EventCountry "ESP"]
[SourceTitle "Ajedrez en Madrid"]
[Source "lmi"]
[SourceDate "2017.08.22"]
[SourceVersion "1"]
[SourceVersionDate "2018.03.05"]
[SourceQuality "1"]

1. e4 e6 2. d4 d5 3. Nd2 Be7 4. e5 c5 5. c3 Nc6 6. Qg4 Kf8 7. Ngf3 Nh6 8. Qh5
cxd4 9. cxd4 Nf5 10. Nb3 Bb4+ 11. Kd1 Qb6 12. Be3 a5 13. g4 Nxe3+ 14. fxe3 a4
15. Nc1 Bd2 16. Qg5 h6 17. Qf4 Qxb2 18. Bd3 Qxa1 19. Nxd2 Ke7 20. Rf1 Rf8 21.
g5 Bd7 22. gxh6 gxh6 23. Qf6+ Ke8 24. Bg6 Qb2 25. Bxf7+ Rxf7 26. Qxf7+ Kd8 27.
Qf6+ Kc8 28. Rf2 1/2-1/2

[Event "34. Abierto Collado Villalba 2017"]
[Site "Collado Villalba ESP"]
[Date "2017.08.22"]
[Round "1.19"]
[White "Aziz Ortego, Omar Luis"]
[Black "Perez Cameselle, Francisco Jose"]
[Result "1-0"]
[WhiteElo "2069"]
[BlackElo "1789"]
[PlyCount "78"]
[EventDate "2017.08.22"]
[EventType "swiss"]
[EventRounds "9"]
[EventCountry "ESP"]
[SourceTitle "Ajedrez en Madrid"]
[Source "lmi"]
[SourceDate "2017.08.22"]
[SourceVersion "1"]
[SourceVersionDate "2018.03.05"]
[SourceQuality "1"]

1. c4 Nf6 2. Nc3 e6 3. d4 Bb4 4. Nf3 b6 5. Bg5 Bb7 6. e3 h6 7. Bf4 O-O 8. Bd3
d6 9. Qc2 Nbd7 10. O-O Bxc3 11. Qxc3 Ne4 12. Qc2 f5 13. Nd2 Nxd2 14. Qxd2 e5
15. Bg3 e4 16. Be2 a5 17. Rae1 Nf6 18. Bd1 Qe7 19. d5 Nd7 20. f4 Nc5 21. Be2
Bc8 22. Rc1 Bd7 23. Be1 g5 24. Qd1 g4 25. Bc3 Na4 26. Bd4 c5 27. dxc6 Bxc6 28.
b3 Nc5 29. Bb2 Rad8 30. Qd4 Kh7 31. Rfd1 d5 32. Qc3 dxc4 33. Bxc4 Bb7 34. Rd4
Ba6 35. Bxa6 Nxa6 36. Rcd1 Rxd4 37. Rxd4 Nc5 38. Rd6 Nd3 39. Qc6 Qg7 1-0

[Event "34. Abierto Collado Villalba 2017"]
[Site "Collado Villalba ESP"]
[Date "2017.08.22"]
[Round "1.20"]
[White "Vega De Alba, Miguel"]
[Black "Unciti Juan, Javier"]
[Result "0-1"]
[WhiteElo "1753"]
[BlackElo "2040"]
[PlyCount "82"]
[EventDate "2017.08.22"]
[EventType "swiss"]
[EventRounds "9"]
[EventCountry "ESP"]
[SourceTitle "Ajedrez en Madrid"]
[Source "lmi"]
[SourceDate "2017.08.22"]
[SourceVersion "1"]
[SourceVersionDate "2018.03.05"]
[SourceQuality "1"]

1. d4 Nf6 2. c4 c5 3. d5 e6 4. Nc3 exd5 5. cxd5 g6 6. e4 d6 7. Bd3 Bg7 8. h3
O-O 9. Nf3 Re8 10. O-O c4 11. Bxc4 Nxe4 12. Nxe4 Rxe4 13. Bd3 Re8 14. Qc2 Nd7
15. Bg5 Nf6 16. Rfe1 Bd7 17. Rxe8+ Bxe8 18. Rc1 h6 19. Bxf6 Bxf6 20. b4 Bd7 21.
Qc7 Rc8 22. Qxd8+ Bxd8 23. Rxc8 Bxc8 24. b5 Bb6 25. Nd2 Bc5 26. Kf1 Kg7 27. g4
Kf6 28. Nf3 a6 29. a4 axb5 30. axb5 Ke7 31. Nh4 h5 32. f3 Kf6 33. Ke2 hxg4 34.
hxg4 Ke5 35. Ng2 g5 36. Be4 Bxg4 37. Kd3 Bd7 38. Kc4 Bf2 39. Kd3 Bxb5+ 40. Kd2
Bc4 41. Ne3 Bxe3+ 0-1